Geography Now Opening Lines - "K" Countries - Statistics

General Stats
  • This quiz has been taken 19 times
  • The average score is 6 of 7
Answer Stats
Quote Country % Correct
"Guys, no, I'm not gonna do a Borat impression, okay? That movie didn't even have a single [person from country] in it. They filmed the [country] part in a Gypsy village in Romania, and Sacha Baron Cohen was speaking Hebrew half the time. It did however boost their tourism by like tenfolds, so there's that." Kazakhstan
100%
"[country]. It's pronounced [country]. For some weird reason the TI makes an S sound." Kiribati
94%
"Hey, Ken..." "Yeah?" "[pun with country's name] dig this episode?" "You're gonna be doing this the entire episode, aren't you?" "Yeah, you want to get paid right?" "Uh, yeah." "Yeah, then act surprised every time that comes up in a script." "Oh, that's so funny! Wow, I totally see what you did there." "Good boy." Kenya
89%
"Let me tell you a little story: Once upon a time there were two brothers: Kazakhstan & [country]. The older one was favored by his adoptive father, went to a university, got a good job, built a corporation that employed thousands of people and made billions, whereas the younger brother was like:" "Hah! Nerd. I'm gonna go, like, party in the mountains or something and, like, I don't know. Party and whatever man?" "And that's basically [country]." Kyrgyzstan
83%
"Everybody welcome back to a brand new episode of Geography Now, thanks for your patience. I know you've been, [pun with country's name]. Heh heh heh heh heh heh..." Kuwait
78%
"What's the biggest difference between [part of country's name] and South Korea? Well for one, I say watch their news broadcast. Take note on how they talk about their leaders: "[country's name in local language]의 친애하는 지도자이자 장군님, 김정은..." As opposed to: "이번 주에 문제인 대통령이 중국을 방문했습니다..." Yeah that, I think they have this thing going on with conflict and something about a war. But nah, yeah." Korea, Democratic People's Republic of
72%
"안녕하세요 여러분! 오늘은 특별한 손님이 있습니다... 저희 엄마입니다! Come on in, mom.엄마, 자기소개를 하세요" "안녕하세요! 저는 폴의 엄마입니다." "That's it? We have reached the last and final country of my own personal heritage. So I figured, "Why not go out with a bang and bring my own mom on the show?" You'll gonna love her. And if you don't, I'll basically kill you." Korea, Republic of
72%
No matching quizzes found
Score Distribution
Percent of People with Each Score
Percentile by Number Answered
Your Score History
You have not taken this quiz